| 000 | 01469nam a2200469 i 4500 | ||
|---|---|---|---|
| 001 | 34679 | ||
| 003 | KOSZ 005 | ||
| 005 | 20221122141440.0 | ||
| 008 | 991223s1999 pl |000 0 pol | ||
| 015 | _aUWD 1999/19986 | ||
| 020 | _a8371970641 | ||
| 035 | _a991012294869705066 | ||
| 035 | _a(PL-WaBN)b13328736-48omnis_nlop | ||
| 035 | _ab13328736 | ||
| 035 | _a(OCoLC)749311815 | ||
| 035 | _azz2003883139 | ||
| 035 | _a(PL)b0000001332873 | ||
| 035 | _a(EXLNZ-48OMNIS_NETWORK)9910258424505606 | ||
| 040 |
_aWA N _cWA N _dKR U _dKOSZ 005/HR |
||
| 041 | 1 |
_apol _heng |
|
| 046 | _k1999 | ||
| 080 | _a004.438 | ||
| 080 | _a(07) | ||
| 100 | 1 |
_aChapman, Davis Howard _eAutor |
|
| 245 | 1 | 0 |
_aVisual C++ dla każdego / _cDavis Chapman ; [tł. Janusz Grabis]. |
| 260 |
_aGliwice : _b"Helion", _ccop. 1999. |
||
| 300 |
_a744 s. ; _c24 cm + _edyskietka. |
||
| 336 |
_aTekst _btxt _2rdacontent |
||
| 337 |
_aBez urządzenia pośredniczącego _bn _2rdamedia |
||
| 338 |
_aWolumin _bnc _2rdacarrier |
||
| 380 | _aKsiążki | ||
| 388 | _a1901-2000 | ||
| 388 | _a1989-2000 | ||
| 650 | 7 |
_aVisual C++ _2DBN |
|
| 655 | 7 |
_aPodręcznik _2DBN |
|
| 658 | _aInformatyka i technologie informacyjne | ||
| 700 | 1 |
_aGrabis, Janusz _eTłumaczenie |
|
| 710 | 2 |
_aHelion _4pbl |
|
| 856 |
_uhttp://koha.tu.koszalin.pl/cgi-bin/koha/opac-detail.pl?biblionumber=34679 _yKatalog online BPK |
||
| 942 |
_2UKD _cKS |
||
| 999 |
_c34679 _d34679 |
||